Normal view
MARC view
- Milton M
Entry Personal Name
001 - CONTROL NUMBER
- control field: 170535
003 - CONTROL NUMBER IDENTIFIER
- control field: OSt
005 - DATE AND TIME OF LATEST TRANSACTION
- control field: 20230313130542.0
008 - FIXED-LENGTH DATA ELEMENTS
- fixed length control field: 230313|| aca||aabn | a|a d
040 ## - CATALOGING SOURCE
- Original cataloging agency: OSt
- Transcribing agency: OSt
100 ## - HEADING--PERSONAL NAME
- Personal name: Milton M
670 ## - SOURCE DATA FOUND
- Source citation: Work cat.: (OSt)131215: Milton M., Head First Data Analysis, 2009